000 00589nam a2200193Ia 4500
005 20260429111915.0
008 260429s9999||||xx |||||||||||||| ||und||
020 _a9789394797574
041 _aEnglish
082 _a780.92
_bSHR
100 _aShrivastav, Sadhna
245 0 _aLegends in one frame :
_bportraying the lives of great maestros through the Lense of ace photographer Avinash Pasricha /
_cSadhna Shrivastav
250 _a1st ed.
260 _aHaryana :
_bShubhi Publications,
_c2024.
300 _a135 p.; hb
650 _a Maestros
650 _aMusicians
942 _cTB
999 _c51367
_d51367